[Event "BAN-chT Walton (Women)"]
[Site "Dhaka"]
[Date "2023.03.23"]
[Round "2"]
[White "Fahmida, Afroz"]
[Black "Kazi Zarin, Tasnim"]
[Result "0-1"]
[WhiteElo "1028"]
[BlackElo "1837"]
[PlyCount "92"]
[EventDate "2023.03.22"]
[EventType "team-tourn"]
[EventRounds "7"]
[EventCountry "BAN"]
[SourceTitle "CBM 213 Extra"]
[Source "ChessBase"]
[SourceDate "2023.05.31"]
[SourceVersion "1"]
[SourceVersionDate "2023.05.31"]
[SourceQuality "1"]
[WhiteTeam "Basir Memorial CC (W)"]
[BlackTeam "Bangladesh Navy (W)"]
[WhiteTeamCountry "BAN"]
[BlackTeamCountry "BAN"]

1. e4 e5 2. Nf3 Nc6 3. Nc3 Nf6 4. a3 a6 5. Bc4 Bc5 6. 0-0 d6 7. d3 Bg4 8. h3 Bh5 9. Bg5 h6 10. Bxf6 Qxf6 11. Nd5 Qd8 12. c3 g5 13. g4 Bg6 14. Kg2 0-0 15. Rh1 Kg7 16. Qd2 Qd7 17. Qe2 Ba7 18. b4 Nd8 19. d4 exd4 20. Nxd4 c6 21. Ne3 Bxe4+ 22. f3 Bxd4 23. cxd4 Bg6 24. Bd3 Ne6 25. Kf2 Nf4 26. Bf5 Bxf5 27. Nxf5+ Qxf5 28. gxf5 Nxe2 29. Kxe2 Kf6 30. h4 Rh8 31. hxg5+ hxg5 32. Rxh8 Rxh8 33. Rf1 Rh2+ 34. Ke3 Ra2 35. Ke4 Rxa3 36. d5 Rb3 37. dxc6 bxc6 38. Kd4 Rxb4+ 39. Ke3 Kxf5 40. Ra1 Rb3+ 41. Kf2 Rb6 42. Ra5+ d5 43. Rc5 Kf4 44. Ke2 f5 45. Kf2 Rb2+ 46. Ke1 Kxf3 0-1